000 01044nam a2200277Ia 4500
003 OSt
005 20221005110509.0
006 a|||||r|||| 00| 0
007 ta
008 221004b |||||||| |||| 00| 0 hin d
020 _a8121402840 (hbk)
_cINR 200.00
024 _a41494
037 _b305, 25/02/2019, Eastern Book Linkers
_cTextual
040 _aCRL
_cCRL
_bhin
041 _2hin
_ahin
082 _aO152,3N11x, P5
100 _aवात्स्यायन, सच्चिदानन्द, ले.
245 0 _aसंवत्सर
246 _aSanvatsara
260 _aनई दिल्ली
_bनेशनल पब्लिशिंग हाउस भारत
_c2005
300 _a136पृ0
_ccm.
650 _a हिन्दी साहित्य
650 _aहिन्दी कहानी
942 _hO152,3N11x, P5
_cTEXL
_2cc
999 _c1019010
_d1019010